Entrepreneurial development / (Record no. 1013)
[ view plain ]
| 000 -LEADER | |
|---|---|
| fixed length control field | 00667nam a22002172 4500 |
| 001 - CONTROL NUMBER | |
| control field | 0000018881 |
| 005 - DATE AND TIME OF LATEST TRANSACTION | |
| control field | 20151021151130.0 |
| 008 - FIXED-LENGTH DATA ELEMENTS--GENERAL INFORMATION | |
| fixed length control field | 100811s xx 000 0 eng d |
| 020 ## - INTERNATIONAL STANDARD BOOK NUMBER | |
| International Standard Book Number | 8121918014 : |
| 040 ## - CATALOGING SOURCE | |
| Original cataloging agency | KABU |
| Transcribing agency | KABU |
| 100 1# - MAIN ENTRY--PERSONAL NAME | |
| Personal name | Khanka, S. S. |
| -- | 0000178328 |
| 245 10 - TITLE STATEMENT | |
| Title | Entrepreneurial development / |
| Statement of responsibility, etc. | S. S. Khanka. |
| 250 ## - EDITION STATEMENT | |
| Edition statement | 1st ed. |
| 260 ## - PUBLICATION, DISTRIBUTION, ETC. (IMPRINT) | |
| Place of publication, distribution, etc. | New Delhi : |
| Name of publisher, distributor, etc. | S. Chand, |
| Date of publication, distribution, etc. | 1999. |
| 300 ## - PHYSICAL DESCRIPTION | |
| Extent | xiv,405 p. |
| 650 #0 - SUBJECT ADDED ENTRY--TOPICAL TERM | |
| Topical term or geographic name as entry element | Entrepreneurship. |
| -- | 0000148283 |
| 852 1# - LOCATION | |
| -- | p840 KES |
| 852 1# - LOCATION | |
| -- | p840 KES |
| 908 ## - PUT COMMAND PARAMETER (RLIN) | |
| Put command parameter | 100811 |
| 950 ## - LOCAL HOLDINGS (RLIN) | |
| -- | 1 |
| Withdrawn status | Lost status | Source of classification or shelving scheme | Not for loan | Home library | Current library | Date acquired | Total Checkouts | Full call number | Barcode | Date last seen | Date last checked out | Price effective from | Koha item type |
|---|---|---|---|---|---|---|---|---|---|---|---|---|---|
| Library of Congress Classification | Kabarak, Main Campus | Kabarak, Main Campus | 17/12/2015 | 1 | HB615 .K43 1999 c. 2 | 24596 | 02/08/2024 | 06/10/2016 | 17/12/2015 | General Collection | |||
| Library of Congress Classification | Kabarak, Main Campus | Kabarak, Main Campus | 17/12/2015 | 3 | HB615 .K43 1999 c. 1 | 24595 | 02/08/2024 | 04/07/2018 | 17/12/2015 | General Collection | |||
| Library of Congress Classification | Kabarak, Main Campus | Kabarak, Main Campus | 17/12/2015 | 3 | HB615 .K43 1999 c. 3 | 24420 | 02/08/2024 | 26/09/2023 | 17/12/2015 | General Collection | |||
| Library of Congress Classification | Kabarak, Nakuru City Campus | Kabarak, Nakuru City Campus | 21/10/2015 | 1 | HB615 .K43 1999 c. 1 | 014082 | 18/11/2017 | 03/11/2017 | 21/10/2015 | General Collection | |||
| Library of Congress Classification | Kabarak, Nakuru City Campus | Kabarak, Nakuru City Campus | 21/10/2015 | HB615 .K43 1999 c. 2 | 014026 | 21/10/2015 | 21/10/2015 | General Collection |